Trade exhibitions & conferences in China and other Asian Countries : July 1993.
| Format: | Book |
|---|---|
| Published: |
Wanchai:
Hong Kong Trade Development Council,
1993.
|
| Subjects: |
| LEADER | 00462cam a2200145 7i4500 | ||
|---|---|---|---|
| 001 | 0000000260 | ||
| 005 | 19991025090000.0 | ||
| 002 | ##000000416 | ||
| 020 | 0 | 0 | |a T000000417 |
| 090 | 0 | 0 | |a CHIN 381.1025 |b TRA |
| 245 | 0 | 0 | |a Trade exhibitions & conferences in China and other Asian Countries : |b July 1993. |
| 260 | 0 | 0 | |a Wanchai: |b Hong Kong Trade Development Council, |c 1993. |
| 300 | 0 | 0 | |a 188 p.. |
| 650 | 0 | 0 | |a Exhibitions |
| 999 | |a B000006081 |b Book |c Countries |e Business Information Centre | ||